Mortgage: sale of property (Record no. 66090)
[ view plain ]
| 000 -LEADER | |
|---|---|
| fixed length control field | 01000cam a2200181 4500 |
| 001 - CONTROL NUMBER | |
| control field | X110862 |
| 008 - FIXED-LENGTH DATA ELEMENTS--GENERAL INFORMATION | |
| fixed length control field | 000000n2000 000 0 eng u |
| 035 ## - SYSTEM CONTROL NUMBER | |
| System control number | (Sirsi) u110862 |
| 245 ## - TITLE STATEMENT | |
| Title | Mortgage: sale of property |
| 260 ## - PUBLICATION, DISTRIBUTION, ETC. | |
| Date of publication, distribution, etc. | 2000 |
| 490 ## - SERIES STATEMENT | |
| Series statement | Estates Gazette Case Summaries |
| Volume/sequential designation | [2000] EGCS 151 (16/12/2000) |
| 520 ## - SUMMARY, ETC. | |
| Summary, etc. | "Bank of Ireland Home Mortgages Ltd v Bell and another", CA 4 December 2000. Bank offering mortgage to husband and wife - Wife's signature forged on mortgage form - Bank advancing money and registering charge - Arrears - Bank seeing order for possession - Wife claiming no knowledge of charge - Judge finding bank only entitled to equitable charge - Whether bank entitled to order for sale of property - Appeal allowed. TAKEN FROM JOURNAL HEADNOTE. |
| 650 ## - SUBJECT ADDED ENTRY--TOPICAL TERM | |
| Topical term or geographic name entry element | BANK OF IRELAND HOME MORTGAGES LTD V BELL AND ANOTHER |
| 650 ## - SUBJECT ADDED ENTRY--TOPICAL TERM | |
| Topical term or geographic name entry element | MORTGAGES |
| 650 ## - SUBJECT ADDED ENTRY--TOPICAL TERM | |
| Topical term or geographic name entry element | TRUSTS OF LAND AND APPOINTMENT OF TRUSTEES ACT 1996 |
| 690 ## - LOCAL SUBJECT ADDED ENTRY--TOPICAL TERM (OCLC, RLIN) | |
| Topical term or geographic name as entry element | HOUSING-HOUSING FINANCE-CASE LAW |
| 942 ## - ADDED ENTRY ELEMENTS (KOHA) | |
| Suppress in OPAC | 0 |
| Withdrawn status | Lost status | Source of classification or shelving scheme | Damaged status | Not for loan | Home library | Current library | Shelving location | Date acquired | Total Checkouts | Full call number | Barcode | Date last seen | Copy number | Price effective from | Koha item type |
|---|---|---|---|---|---|---|---|---|---|---|---|---|---|---|---|
| Dewey Decimal Classification | London | London | News article | 09/02/2001 | X110862 | 110862-1001 | 06/08/2019 | 1 | 06/08/2019 | Law report |